01065nam a2200241Ia 4500003000900000008004100009040001600050080001700066111008000083245024200163260006800405300001600473490001600489650002100505650004100526650002500567650002300592700002800615710004000643942000700683999001500690952011800705IN-BaIIA211028s9999 xx 000 0 eng d cIIA Library a523.745bHES asymposium on the physics of solar flarescWashingtond1963 Oct. 28-3095271 0aAAS-NASA symposium on the physics of solar flaresbproceedings of the AAS-NASA symposium held at the Goddard Space Flight Center, Green Belt, Maryland, Oct 28-30, 1963cedited by Wilmot Hess  aWashingtonbNational Aeronautics and Space Administrationc1964 aviii, 465p. aNASA SP; 50 aActive Sun95272 aAstronomy and Astrophysics Thesaurus aSolar Activity91424 aSolar Flares94046 aHess, Wilmot, ed.95273 aAmerican Astronomical Society94342 cBK c2953d2953 00104070aBANbBANcGENd1967-07-14g32.20l0o523.745/ HESp3283r2021-11-05v32.20w1967-07-14yBKGRs. 32.20